Programa integral de calidad de aguas del Río Colorado /
Guardado en:
| Autor Principal: | |
|---|---|
| Autor Corporativo: | |
| Formato: | Libro |
| Idioma: | Spanish |
| Publicado: |
Bahía Blanca :
COIRCO,
2010.
|
| Etiquetas: |
Agregar Etiqueta
Sin Etiquetas, Sea el primero en etiquetar este registro!
|
| LEADER | 00574nam a22001455a 4500 | ||
|---|---|---|---|
| 001 | EEA.libagro008656 | ||
| 005 | 20160930093801.0 | ||
| 008 | 130809s2010####ag#a##########000#0#spa#d | ||
| 082 | 0 | 4 | |a 333.9162 |
| 100 | 1 | |a Alcalde, Ricardo. | |
| 245 | 1 | 0 | |a Programa integral de calidad de aguas del Río Colorado / |c Ricardo Alcalde. |
| 260 | |a Bahía Blanca : |b COIRCO, |c 2010. | ||
| 300 | |a 121 p. : |b il. ; |c 30 cm. + |e 1 CD. | ||
| 710 | 2 | |a Argentina. |b Secretaría de Energía de la Nación. |b Comité Interjurisdiccional del Río Colorado. | |
| 859 | |a AR-BbBCA |b BIB. AGRONOMIA |h 333.9162 |i A346 2009 |p 2012/6051 | ||
